| 000 | 00563nam a22001931a 4500 | ||
|---|---|---|---|
| 001 | 1677 | ||
| 003 | OSt | ||
| 005 | 20260204211743.0 | ||
| 008 | 040120s2001||||dr ||||||b||||||||||spa|| | ||
| 050 | _aRD 657 R714c | ||
| 082 | _a657 R714c | ||
| 100 | _aToribio L., Damaso | ||
| 245 | _aCurso de contabilidad para el segundo nivel: teoría y práctica preguntas y problemas / Damaso Toribio L. | ||
| 264 | _aSanto Domingo : Maxy | ||
| 300 | _a221 p. | ||
| 650 | _a1.Contabilidad 2.Contabilidad de segundo nivel | ||
| 700 | _aMadrigal Luis E.Ì | ||
| 942 |
_2ddc _cBK |
||
| 999 |
_c1677 _d1677 |
||